MARKETING 2 0 STRATEGIES FOR CLOSER CUST (Record no. 20655)

MARC details
000 -LEADER
fixed length control field 00346nam a2200133Ia 4500
008 - FIXED-LENGTH DATA ELEMENTS--GENERAL INFORMATION
fixed length control field 240624s9999 xx 000 0 und d
041 ## - LANGUAGE CODE
Language code of text/sound track or separate title eng
082 ## - DEWEY DECIMAL CLASSIFICATION NUMBER
Classification number 658.8 COR
100 ## - MAIN ENTRY--PERSONAL NAME
Personal name CORBAE GERALD
245 ## - TITLE STATEMENT
Title MARKETING 2 0 STRATEGIES FOR CLOSER CUST
260 ## - PUBLICATION, DISTRIBUTION, ETC.
Date of publication, distribution, etc. 2003
Place of publication, distribution, etc. London
Name of publisher, distributor, etc. Springer
300 ## - PHYSICAL DESCRIPTION
Extent vi, : 151 : p. : cm. ; 24
365 ## - TRADE PRICE
Currency code ERU
Price amount 26
Holdings
Withdrawn status Lost status Damaged status Not for loan Home library Current library Shelving location Date acquired Source of acquisition Cost, normal purchase price Full call number Barcode Date last seen Copy number Price effective from Koha item type
        IMTN IMTN Rack 33-B 12/13/2012 TB 59.95 658.8 COR 20655 06/24/2024 74.2 06/24/2024 Books
Designed & Maintained by: LRC IMT Nagpur Contact: lrc@imtnag.ac.in© 2024. All Rights Reserved.